|
|
|
|
| LEADER |
00000nam0a2200000 4500 |
| 001 |
355027 |
| 005 |
20231102010743.0 |
| 035 |
|
|
|a (RuTPU)RU\TPU\retro\12286
|
| 090 |
|
|
|a 355027
|
| 100 |
|
|
|a 20200630d1973 km y0rusy50 ca
|
| 101 |
0 |
|
|a rus
|
| 102 |
|
|
|a RU
|
| 105 |
|
|
|a a z 001zy
|
| 200 |
1 |
|
|a Пассивные ретрансляторы для радиорелейных линий
|f Г. З. Айзенберг, В. Г. Ямпольский
|
| 210 |
|
|
|a Москва
|c Связь
|d 1973
|
| 215 |
|
|
|a 208 с.
|c ил.
|
| 320 |
|
|
|a Библиогр.: с. 206-208
|
| 606 |
1 |
|
|a Радиорелейные линии
|x Эксплуатация
|2 stltpush
|3 (RuTPU)RU\TPU\subj\23043
|9 47706
|
| 610 |
1 |
|
|a ретрансляторы
|
| 610 |
1 |
|
|a свойства
|
| 610 |
1 |
|
|a пассивные ретрансляторы
|
| 610 |
1 |
|
|a линии связи
|
| 610 |
1 |
|
|a метеорологические условия
|
| 610 |
1 |
|
|a влияние
|
| 610 |
1 |
|
|a распространение
|
| 610 |
1 |
|
|a устойчивость
|
| 610 |
1 |
|
|a опоры
|
| 610 |
1 |
|
|a антенны
|
| 610 |
1 |
|
|a проектирование
|
| 675 |
|
|
|a 621.396.43
|v 4
|
| 700 |
|
1 |
|a Айзенберг
|b Г. З.
|g Григорий Захарович
|
| 701 |
|
1 |
|a Ямпольский
|b В. Г.
|g Всеволод Григорьевич
|
| 801 |
|
1 |
|a RU
|b 63413507
|c 20200630
|
| 801 |
|
2 |
|a RU
|b 63413507
|c 20210203
|g RCR
|
| 942 |
|
|
|c BK
|